Os direitos do homem à escala das civilizações (Registo nº 196474)

Detalhes MARC
000 -Etiqueta do registo
Valores 00684nam 22002173 4500
010 ## - Número ISBN
ISBN 972-40-1461-4
021 ## - Número do Depósito Legal
Código do país Portugal
Número 156985/00
100 ## - Dados gerais de processamento
Dados gerais 20250604d u||y0pory50 ba
200 ## - Titulo e menção de responsabilidade
Título próprio Os direitos do homem à escala das civilizações
Informação de outro título proposta de análise a partir do confronto dos modelos Ocidental e Islâmico
Primeira menção de responsabilidade Patrícia Jerónimo
210 ## - Publicação
Local de publicação Porto
Nome do editor Almedina
Data de publicação 2001
215 ## - Descrição física 
Paginação / Volumes p.
Outras indicações físicas brochado
Dimensões 23 cm
606 ## - Nome comum usado como assunto
ID Autoridade 7813
Palavra de ordem Direito
610 ## - Termos não controlados
Palavra de ordem Direitos humanos
610 ## - Termos não controlados
Palavra de ordem Direitos e deveres do cidadão
675 ## - CDU
Notação 342.7
Edição PT
Língua por
700 ## - Autor principal (pessoa individual)
ID Autoridade 12566
Apelido Jerónimo
Nome Patrícia
801 ## - Fonte de origem
País PT
Agência BMMN
Regras de catalogação RPC
830 ## - Notas gerais do catalogador
Criado por Ana
Indexado por Ana
990 ## - Elementos KOHA
Tipo de documento Livro
Exemplares
Situação do levantamento Biblioteca de origem Código de barras Cota Permissão de empréstimo Tipo de documento Forma de aquisição
  Biblioteca Municipal de Montemor-o-Novo 24391 34 JER|LG   Livro Compra
  Biblioteca Municipal de Montemor-o-Novo 28020 34 JER|DEP   Livro Compra

Powered by Koha